000 00802nam a2200229 a 4500
001 000034774
005 20200930073908.0
008 111019s1956 xxu 000 0 eng d
040 _aDO-SdBNP
_beng
_cBNPHU
082 _a822.33
_bS527t
100 1 _aShakespeare, William,
_d1564-1616
_96748
245 1 0 _aThe tragedy macbeth /
_cWilliam Shakespeare ; editor Alfred Harbage.
246 1 0 _aMacbeth
260 _aBaltimore, :
_bPenguin Book,
_c1956.
300 _a115 p. ;
_c18 cm.
500 _aIncluye referencias bibliográficas y notas al pie de las páginas
500 _aLa biblioteca posee la reimpresión de 1966
600 0 4 _aMACBETH,
_cREY DE ESCOCIA
_xDRAMA
_960266
650 4 _aDrama inglés
_942705
700 1 2 _aHarbage, Alfred,
_eed.
_960267
910 _aValidado. Control de calidad MFF
999 _c34265
_d34265